Analýza nákladov rozpočtovej organizácie, príspevkovej organizácie a obce diplomová práca

Salvato in:
Dettagli Bibliografici
Autore principale: Zoričák, Ondrej
Ente Autore: Fakulta hospodárskej informatiky EU. Katedra účtovníctva a audítorstva
Altri autori: Kovalčíková, Antónia
Natura: Libro
Lingua:slovacco
Pubblicazione: Bratislava 2016
Tags: Aggiungi Tag
Nessun Tag, puoi essere il primo ad aggiungerne!!

MARC

LEADER 00000nbm a2200000 4500
001 0219009
005 20240905112038.0
041 0 |a slo 
044 |a SK 
245 1 0 |a Analýza nákladov rozpočtovej organizácie, príspevkovej organizácie a obce  |b diplomová práca  |c Ondrej Zoričák ; školiteľ: Antónia Kovalčíková 
264 1 |a Bratislava  |c 2016 
300 |a 73 s. 
100 1 |a Zoričák, Ondrej 
700 1 |a Kovalčíková, Antónia 
710 2 |a Fakulta hospodárskej informatiky EU. Katedra účtovníctva a audítorstva